LEADER 01221nam 2200421 450 001 9910555086503321 010 $a3-527-82338-7 010 $a1-5231-3284-1 010 $a3-527-82337-9 010 $a3-527-82339-5 035 $a(CKB)4100000009184701 035 $a(MiAaPQ)EBC5891704 035 $a(iGPub)WILEYB0038291 035 $a(EXLCZ)994100000009184701 100 $a20191001d2020 uy 0 101 0 $aeng 135 $aurcnu|||||||| 181 $ctxt$2rdacontent 182 $cc$2rdamedia 183 $acr$2rdacarrier 200 10$aChemical reactor design $emathematical modeling and applications /$fJuan A. Conesa 210 1$aWeinheim, Germany :$cWiley-VCH,$d[2020] 210 4$dİ2020 215 $a1 online resource (353 pages) 300 $aIncludes index. 311 $a3-527-34630-9 606 $aChemical reactors$xDesign and construction 608 $aElectronic books. 615 0$aChemical reactors$xDesign and construction. 676 $a660.2832 700 $aConesa$b Juan A.$01218840 801 0$bMiAaPQ 801 1$bMiAaPQ 801 2$bMiAaPQ 906 $aBOOK 912 $a9910555086503321 996 $aChemical reactor design$92818562 997 $aUNINA LEADER 01642nam a2200325 i 4500 001 991002334619707536 005 20020508194448.0 008 980326s1981 be ||| | eng 020 $a9004062971 035 $ab10993757-39ule_inst 035 $aPARLA160675$9ExL 040 $aDip.to Filosofia$bita 041 0 $aeng$lat 082 0 $a180 100 1 $aEbbesen, Sten$0157349 245 10$aCommentators and commentaries on Aristotle's Sophistici elenchi :$ba study of post-Aristotelian ancient and medieval writings on fallacies /$cby Sten Ebbesen 260 $aLeiden :$bE.J. Brill,$c1981 300 $a3 v. ;$c26 cm. 490 0 $aCorpus Latinum commentariorum in Aristotelem Graecorum ;$v7.1-3 500 $aIncludes texts in Greek and Latin. 500 $aIndice: v. 1. The Greek tradition ; v. 2. Greek texts and fragments of the Latin translation of "Alexander's" commentary ; v. 3. Appendices, Danish summary, indices. 650 4$aAristotele - Sophistici elenchi 907 $a.b10993757$b23-02-17$c28-06-02 912 $a991002334619707536 945 $aLE005 180 ARI01. 01CLC. 01. v. 7.1$cV. 1$g1$i2005000019760$lle005$o-$pE0.00$q-$rl$s- $t0$u0$v0$w0$x0$y.i11108733$z28-06-02 945 $aLE005 180 ARI01. 01CLC. 01. v. 7.2$cV. 2$g1$i2005000019777$lle005$o-$pE0.00$q-$rl$s- $t0$u0$v0$w0$x0$y.i11108745$z28-06-02 945 $aLE005 180 ARI01. 01CLC. 01. v. 7.3$cv. 3$g1$i2005000019784$lle005$o-$pE0.00$q-$rl$s- $t0$u0$v0$w0$x0$y.i11108757$z28-06-02 996 $aCommentators and commentaries on Aristotle's Sophistici elenchi$9861052 997 $aUNISALENTO 998 $ale005$b01-01-98$cm$da $e-$feng$gbe $h0$i3